Statistics for YouTubers with the most Subscribers

Click here to take the quiz!

General Stats

  • This quiz has been taken 300 times
    (290 since last reset)
  • The average score is 5 of 50

Answer Stats

NameSubscribers
(Millions)
Brand channelCategoryCountry% Correct
MrBeast230NoEntertainmentUnited States
96%
T-Series257YesMusicIndia
79%
PewDiePie111NoEntertainmentSweden
75%
Dude Perfect60NoSportsUnited States
22%
Justin Bieber72.4NoMusicCanada
21%
Taylor Swift56NoMusicUnited States
20%
Blackpink92.7NoMusicSouth Korea
12%
Like Nastya112NoEntertainmentRussia/United States
12%
WWE98.9YesSportsUnited States
11%
5-Minute Crafts80.5YesHow-toCyprus
10%
Ed Sheeran54NoMusicUnited Kingdom
9%
Ariana Grande53.3NoMusicUnited States
8%
Kids Diana Show118YesEntertainmentGermany/Canada
8%
Cocomelon - Nursery Rhymes170YesEducationUnited States
7%
Eminem58.6NoMusicUnited States
6%
Pinkfong72.1YesEducationSouth Korea
6%
Vlad and Niki108NoEntertainmentRussia/United States
5%
A450.1NoEntertainmentBelarus
4%
Bad Bunny47.4NoMusicPuerto Rico
4%
JuegaGerman49.1NoEntertainmentChile
4%
Marshmello56.8NoMusicUnited States
4%
Zee Music Company103YesMusicIndia
4%
BangtanTV77.3NoMusicSouth Korea
3%
Goldmines93.5YesFilmIndia
3%
Hybe Labels73.8YesMusicSouth Korea
3%
Sony SAB88.6YesEntertainmentIndia
3%
Aaj Tak61.2YesNewsIndia
2%
Billie Eilish49NoMusicUnited States
2%
ChuChu TV Nursery Rhymes & Kids Songs69.6YesEducationIndia
2%
Colors TV69.9YesEntertainmentIndia
2%
El Reino Infantil62YesMusicArgentina
2%
Movieclips60.5YesFilmUnited States
2%
Shemaroo51.1YesEntertainmentIndia
2%
Sony Entertainment Television India167YesEntertainmentIndia
2%
Sony Music India59YesMusicIndia
2%
T-Series Bhakti Sagar65.4YesMusicIndia
2%
Zee TV76.3YesEntertainmentIndia
2%
ARY Digital HD50.1YesEntertainmentPakistan
1%
BillionSurpriseToys55YesEntertainmentUnited States
1%
Canal KondZilla66.8YesMusicBrazil
1%
Get Movies49.2YesEntertainmentRussia
1%
HAR PAL GEO49.5YesEntertainmentPakistan
1%
Infobells58.6YesEducationIndia
1%
LooLoo Kids55.9YesMusicRomania
1%
SonyMusicIndiaVEVO48.8YesMusicIndia
1%
Tips Official63.2YesEntertainmentIndia
1%
Toys and Colors50.5NoEntertainmentUnited States
1%
Wave Music60.2YesMusicIndia
1%
Yash Raj Films58YesMusicIndia
1%
Shemaroo Entertainment67.3YesMusicIndia
0%

Score Distribution

Percentile by Number Answered

Percent of People with Each Score

Your Score History

You have not taken this quiz since the last reset